Statistics for Samwise

Click here to take the quiz!

General Stats

  • This quiz has been taken 17 times
    (12 since last reset)
  • The average score is 5 of 10

Answer Stats

HintAnswer% Correct
RealmThe Shire
100%
Age102
67%
SpouseRosie Cotton
67%
BirthApril 6, TA 2980
33%
WeaponDagger of Westernesse
33%
Departed to Valinor
FO 61
33%
ChildrenElanor, Frodo, Rose, Merry, Pippin, Goldilocks, Hamfast, Daisy, Primrose, Bilbo, Ruby, Robin, Tolman
33%
ParentsHamfast and Bell Gamgee
33%
Sibling(s)Hamson, Halfred, Daisy, May, Marigold
33%
RuleMayor of The Shire for 49 years
33%

Score Distribution

Percentile by Number Answered

Percent of People with Each Score

Your Score History

You have not taken this quiz since the last reset